00548nam a2200193 a 4500001001300000003000900013005001700022008004100039020002500080082001600105100002100121245007500142260004800217300000900265500003500274505001000309650001400319700002100333nice12345678IN_TiNIC20260116013209.0050524s1994 sana grp 000 0 eng  a1555427 c977.500a303.69bSCH aSchwarz, Roger M aSkilled Faciliatorb Practical Wisdom for Developing Effective Groups. aSan FranciscobJossey-Bass Publishersc1994 a314p aincludes index and biblioraphy2 aIndex aMediation1 aSchwarz, Roger M